Praktikum z dynamických modelov

Gespeichert in:
Bibliographische Detailangaben
1. Verfasser: Hysko, Miroslav
Körperschaft: Vysoká škola ekonomická v Bratislave. Fakulta riadenia
Weitere Verfasser: Trnovský, Juraj
Format: Buch
Sprache:Slowakisch
Veröffentlicht: Bratislava VŠE 1984
Tags: Tag hinzufügen
Keine Tags, Fügen Sie das erste Tag hinzu!

MARC

LEADER 00000nam a2200000 4500
001 c111783
005 20230116121515.6
041 0 |a slo 
044 |a SK 
245 1 0 |a Praktikum z dynamických modelov  |c Miroslav Hysko, Juraj Trnovský 
264 1 |a Bratislava  |b VŠE  |c 1984 
300 |a 153 s. 
100 1 |a Hysko, Miroslav 
700 1 |a Trnovský, Juraj 
710 2 |a Vysoká škola ekonomická v Bratislave. Fakulta riadenia